000 00805nam 22002293 4500
001 198817
090 _a198817
100 _a20251104d u||y0pory50 ba
101 _apor
102 _aPT
200 _aPífaro Lá-Mi-Fá-Sol
_fCarlos Correia
_gIlustração de Cecília Rosa
210 _aLisboa
_cSá da Costa Editora
_d1980 (imp.)
215 _a31, [1] p. : il.
_cEncadernado
_d18 x 19 cm
225 _aRoda Livre
_eSá da Costa Juvenil
300 _aRecomendado pelo júri do Grande Prémio Calouste Gulbenkian da Literatura para Crianças
606 _922
_aLiteratura Infantil Portuguesa
675 _a821.134.3-93/COR/PIF
_vPT
_zpor
700 _92208
_aCorreia
_bCarlos
_f1947-
702 _914732
_aRosa
_bCecília
801 _aPT
_bBMMN
_gRPC
830 _cCarlos Pinto
_d04-11-2025
_fCarlos Pinto
990 _cLIVROS